1251 1882 1953 1575 1865 1376 1833 1367 1402 1630 1674 1138 1557 1721 1153 1457 1931 1574 1759 1082 1453 1916 1848 1598 1333 1020 1033 1212 1870 1794 1818 1428 1590 1631 1151 1971 1171 1890 1168 1268 1715 1509 1447 1339 1654 1340 1383 1219 1770 1321 1564 1525 1176 1755 1902 1846 1312 1365 1075 1075 1838 1200 1183 1193 1270 1875 1806 1570 1814 1326 1347 1332 1527 1418 1402 1331 1909 1460 1952 1045 1167 1056 1318 1956 1951 1848 1454 1958 1878 1583 1868 1518 1447 1869 1631 1622 1833 1772 1304 BCNSPRNW ULIB Ver.6.0+V

เปลี่ยนเป็นภาษาไทย

Change to English
 แสดงรายละเอียดบรรณานุกรม
  กลับหน้าหลัก

Brief Record : Get Marc (ISO 2709) : E-mail record : QR code < ปิดหน้าต่าง
LEADER : 00000nas 2200000uu 4500
001    13399128561
003     ULIB
008    230907s||||||||th 000 0 tha d
022 0  ^a19067925
110 1  ^aวารสารพยาบาลสภากาชาดไทย
245 00 ^aวารสารพยาบาลสภากาชาดไทย/^Cสถาบันการพยาบาลศรีวรินทิรา สภากาชาดไทย
260    ^aกรุงเทพฯ :^bสถาบันการพยาบาลศรีวรินทิรา สภากาชาดไทย,^c2566
310    ^aรายสามเดือน
850 ^a ULIB^bปีที่ 16 ฉบับที่ 1 ฉ.1 ;ปีที่ 16 ฉบับที่ 2 ฉ.1 ;ปีที่ 16 ฉบับที่ 3 ฉ.1 ;ปีที่ 17 ฉบับที่ 1 ฉ.1 ;ปีที่ 17 ฉบับที่ 2 ฉ.1 ;ปีที่ 17 ฉบับที่ 3 ฉ.1 ;ปีที่ 18 ฉบับที่ 2 ฉ.1
850 ^a ULIB:campus^bปีที่ 17 ฉบับที่ 3 ฉ.1
945    ^p0^l0^i906177
945    ^p0^l0^i906257
945    ^p0^l0^i906258
945    ^p0^l0^i906327
945    ^p0^l0^i906344
945    ^p0^l0^i906400
945    ^p0^l0^i802632
945    ^p0^l0^i906456
999    ^aประนอม เกษจรัล
รายการนี้ยังไม่มีแท็ก
คุณยังไม่ได้ล็อกอิน คุณสามารถมีกิจกรรมร่วมกับเว็บไซต์ได้ แต่ต้องล็อกอินก่อน ::
  ล็อกอิน

รายการสื่อสารสนเทศ (วารสาร)

ดูแบบ: กล่อง รายการ
ARRIVED
ปีที่ 16 ฉบับที่ 1 ฉ.1
สถานที่: ห้องสมุดวิทยาเขตสวรรค์ประชารักษ์ >วารสาร
ARRIVED
ปีที่ 16 ฉบับที่ 2 ฉ.1
สถานที่: ห้องสมุดวิทยาเขตสวรรค์ประชารักษ์ >วารสาร
ARRIVED
ปีที่ 16 ฉบับที่ 3 ฉ.1
สถานที่: ห้องสมุดวิทยาเขตสวรรค์ประชารักษ์ >วารสาร
ARRIVED
ปีที่ 17 ฉบับที่ 1 ฉ.1
สถานที่: ห้องสมุดวิทยาเขตสวรรค์ประชารักษ์ >วารสาร
ARRIVED
ปีที่ 17 ฉบับที่ 2 ฉ.1
สถานที่: ห้องสมุดวิทยาเขตสวรรค์ประชารักษ์ >วารสาร
ARRIVED
ปีที่ 17 ฉบับที่ 3 ฉ.1
สถานที่: ห้องสมุดวิทยาเขตสวรรค์ประชารักษ์ >วารสารห้องสมุดวิทยาเขตนครสวรรค์ >วารสาร
ARRIVED
ปีที่ 18 ฉบับที่ 2 ฉ.1
สถานที่: ห้องสมุดวิทยาเขตสวรรค์ประชารักษ์ >วารสาร

BibComment


ยังไม่เคยถูกคอมเมนท์

คอมเมนท์ทรัพยากรรายการนี้
  คอมเมนท์: วารสารพยาบาลสภาก..


 Copyright 2026. Bcnsprnw @Library